[Event "Parana-chT 54th"]
[Site "Parana"]
[Date "2011.11.17"]
[Round "4"]
[White "Brene, Duyllhon Carneiro"]
[Black "Caetano, Emanuel"]
[Result "0-1"]
[WhiteElo "1919"]
[BlackElo "1788"]
[PlyCount "90"]
[EventDate "2011.11.14"]
[EventType "team-swiss"]
[EventRounds "7"]
[EventCountry "BRA"]
[SourceTitle "EXT 2013"]
[Source "ChessBase"]
[SourceDate "2012.11.22"]
[SourceVersion "1"]
[SourceVersionDate "2012.11.22"]
[SourceQuality "1"]
[WhiteTeam "Pirao do Sul"]
[BlackTeam "Paranagua"]
[WhiteTeamCountry "BRA"]
[BlackTeamCountry "BRA"]

1. d4 Nf6 2. Bg5 e6 3. Nf3 d5 4. e3 Nbd7 5. c4 c6 6. Nc3 Qa5 7. Qb3 Ne4 8. Bh4 Bb4 9. Rc1 c5 10. cxd5 exd5 11. Be2 0-0 12. 0-0 Bxc3 13. bxc3 c4 14. Qc2 Re8 15. Nd2 b5 16. f3 Nxd2 17. Qxd2 Bb7 18. Bd1 Qa3 19. Bc2 b4 20. Bf5 Nb6 21. f4 b3 22. Rf3 Bc6 23. Rh3 Bd7 24. Bxh7+ Kh8 25. Bf5 Bxf5 26. Be7+ Bxh3 27. Bxa3 Bf5 28. axb3 cxb3 29. Re1 Nc4 30. Qc1 a5 31. g4 Be4 32. f5 Reb8 33. Re2 Rb6 34. h4 Rab8 35. Bb2 a4 36. h5 a3 37. Bxa3 Nxa3 38. Qxa3 b2 39. Re1 b1Q 40. Rxb1 Rxb1+ 41. Kf2 R8b2+ 42. Kg3 f6 43. Qa6 Rg1+ 44. Kh3 Bg2+ 45. Kh4 Rh1+ 0-1

[Event "Parana-chT 54th"]
[Site "Parana"]
[Date "2011.11.14"]
[Round "1"]
[White "Caetano, Emanuel"]
[Black "Chemin, Vitorio"]
[Result "0-1"]
[WhiteElo "1788"]
[BlackElo "2191"]
[PlyCount "79"]
[EventDate "2011.11.14"]
[EventType "team-swiss"]
[EventRounds "7"]
[EventCountry "BRA"]
[SourceTitle "EXT 2013"]
[Source "ChessBase"]
[SourceDate "2012.11.22"]
[SourceVersion "1"]
[SourceVersionDate "2012.11.22"]
[SourceQuality "1"]
[WhiteTeam "Paranagua"]
[BlackTeam "Ponta Grossa"]
[WhiteTeamCountry "BRA"]
[BlackTeamCountry "BRA"]

1. e4 c6 2. d4 d5 3. exd5 cxd5 4. c4 e6 5. Nc3 Nf6 6. Nf3 Be7 7. cxd5 exd5 8. h3 0-0 9. Bd3 Nc6 10. 0-0 a6 11. Na4 b5 12. Nc5 Nxd4 13. Bxh7+ Nxh7 14. Qxd4 Qd6 15. Be3 Bf6 16. Qd2 Bf5 17. Rac1 Be7 18. Nd4 Bc8 19. b4 Qg6 20. Nd3 Bg5 21. f4 Bf6 22. Kh2 Bf5 23. Nc5 Bxd4 24. Bxd4 Rfe8 25. g4 Be4 26. Rg1 Qd6 27. Rg3 Nf8 28. Rgc3 Ng6 29. Kg3 Qe7 30. a3 a5 31. Re3 axb4 32. axb4 Qh4+ 33. Kh2 Nxf4 34. Rf1 Ne6 35. Nb3 Nxd4 36. Nxd4 Qe7 37. Nxb5 Rec8 38. Qxd5 Rc2+ 39. Kg1 Rg2+ 40. Kh1 0-1